Una vita come tante /

Salvato in:
Dettagli Bibliografici
Autore principale: Yanagihara, Hanya (Autore)
Altri autori: Briasco, Luca (Traduttore)
Natura: Libro
Lingua:italiano
Pubblicazione: Palermo : Sellerio, 2016
Serie:Il contesto ; 74
Tags: Aggiungi Tag
Nessun Tag, puoi essere il primo ad aggiungerne!!

MARC

LEADER 00000nam a2200000 i 4500
001 IT\ICCU\LO1\1646403
003 ItRI
005 20260115231908.0
008 161115s2016 it |||||| ||||| |||||c
015 |2 IT  |a 2016-10642 
020 |a 8838935688 (24.ed.) 
020 |a 9788838935688 
040 |b ita  |c importazione bologna sebina 
041 7 |a ita  |2 ISO-639-2 
082 |a 813.6  |9 NARRATIVA AMERICANA IN LINGUA INGLESE, 2000-  |2 23 
100 1 |a Yanagihara, Hanya  |0 IT\ICCU\MODV\660894  |4 aut 
240 1 2 |a A little life  |3 IT\ICCU\LO1\1646407  |9 Yanagihara, Hanya 
245 1 4 |a Una vita come tante /  |c Hanya Yanagihara ; traduzione di Luca Briasco. 
260 |a Palermo :  |b Sellerio,  |c 2016 
300 |a 1094 p. ;  |c 21 cm 
700 1 |a Briasco, Luca  |0 IT\ICCU\MILV\115758  |4 trl 
830 3 |a Il contesto ;  |v 74  |0 IT\ICCU\MOD\0798229 
942 |2 ddc  |c BK  |n 0 
952 |0 0  |1 0  |4 0  |6 DOC_813_600000000000000_YAN  |7 0  |9 15688  |a BO  |b BO  |d 2026-01-15  |i 18952  |l 0  |o DOC 813.6 YAN  |p BO18952  |r 2026-01-15 23:19:08  |w 2026-01-15  |x [Sebina 5] [1 v.]  |y BK  |z 1 v. (8. ed., ma rist. 2018) 
999 |c 13495  |d 13495